All Survivor Contestants (1-50) - Statistics

General Stats
  • This quiz has been taken 109 times
    52 since last reset
  • The average score is 645 of 905
Answer Stats
Season Contestant % Correct
Benjamin "Coach" Wade
100%
Benjamin "Coach" Wade
100%
Charlie Davis
100%
Charlie Herschel
100%
Vanuatu Chris Daugherty
100%
Chris Hammons
100%
Chris Noble
100%
Chrissy Hofbeck
100%
Chrissy Sarnowsky
100%
Christa Hastie
100%
Christian Hubicki
100%
Christina Cha
100%
Christine Shields-Markoski
100%
Christy Smith
100%
Chris Underwood
100%
Cristina Coria
100%
Jean-Robert Bellande
100%
Jenna Lewis
100%
| The Amazon Jenna Morasca
100%
Jenn Brown
100%
Jennifer Lanzetti
100%
Jennifer Lyon
100%
Jenny Guzon-Bae
100%
Jenny Kim
100%
Joe Anglim
100%
Joe Del Campo
100%
Joe Dowdle
100%
Joe Hunter
100%
Joe Mena
100%
John Carroll
100%
John Cochran
100%
John Cody
100%
John Fincher
100%
John Hennigan
100%
John "J.P." Palyok
100%
John Kenney
100%
John Paul "J.P." Calderon
100%
John Paul "JP" Hilsabeck
100%
John Raymond
100%
John Rocker
100%
Jonathan Libby
100%
Jonathan Penner
100%
Jonathan Young
100%
| Micronesia Jon "Jonny Fairplay" Dalton
100%
47 Jon Lovett
100%
Jon Misch
100%
Krista Klumpp
100%
Kristina Kell
100%
Kristina Mills
100%
Kyle Fraser
100%
Kyle Ostwald
100%
Michael "Frosti" Zernow
100%
Michael Jefferson
100%
Michael "Mike" Turner
100%
Michael "Mikey B" Bortone
100%
Michael Skupin
100%
Michael Snow
100%
Michael Yerger
100%
Mike Borassi
100%
Mike Chiesl
100%
Mike Gabler
100%
Mike Holloway
100%
Mike White
100%
Mike Zahalsky
100%
Nathan "Nate" Gonzalez
100%
Abi-Maria Gomes
91%
Alec Christy
91%
Alejandro "Alex" Angarita
91%
Alexander "Xander" Hastings
91%
Alexandrea "Ali" Elliot
91%
Alex Bell
91%
Alexis Jones
91%
Alexis "Lex" van den Berghe
91%
Alex Merlino
91%
Alex Moore
91%
| All-Stars | Winners at War Amber Brkich
91%
Angelina Keeley
91%
Ben "Benry" Henry
91%
Ben Browning
91%
Ben Driebergen
91%
Ben Katzman
91%
Bill "B.B." Anderson
91%
Brad Culpepper
91%
Bradley Kleihege
91%
Brad Reese
91%
Worlds Apart Charlote "So" Kim
91%
Cirie Fields
91%
Dianelys "Dee" Valladres
91%
Edna Ma
91%
Emily Flippen
91%
Jacob Derwin
91%
Jake Billingsley
91%
Jake Latimer
91%
Jake O'Kane
91%
James "J.T." Thomas Jr.
91%
| Heros vs Villians James "J.T." Thomas Jr
91%
Jenna Bowman
91%
Jenna Lewis
91%
Kamilla Karthigesu
91%
Kimberly "Annie" Davis
91%
Maria Shrime Gonzalez
91%
Mari Takahashi
91%
Matty Whitmore
91%
Michelle "MC" Chukwujekwu
91%
Nicholas "Nick" Stanbury
91%
Nicholas "Sifu" Alsup
91%
Nick Brown
91%
Nick Maiorano
91%
Nick Wilson
91%
Quintavious "Q" Burdette
91%
Richard Foye
91%
| Borneo Richard Hatch
91%
Rick Devens
91%
Rick Nelson
91%
Rizo Velovic
91%
Rob Cesternino
91%
Roberta "R.C." Saint-Amour
91%
Robert "Bob" Crowley
91%
Robert "Boston Rob" Mariano
91%
Robert "Robb" Zbancnik
91%
Robert "The General" DeCanio
91%
Pearl Islands Sandra Diaz-Twine
91%
Sandra-Diaz Twine
91%
Sandra Twine-Diaz
91%
Savannah Louie
91%
Shantel "Shan" Smith
91%
Sophi Balerdi
91%
Sophie Clark
91%
Sophie Clarke
91%
Sophie Segreti
91%
48 Stephanie Berger
91%
Stephanie Dill
91%
Ghost Island Stephanie Gonzalez
91%
Stephanie Johnson
91%
Stephanie LaGrossa
91%
Stephanie Valencia
91%
Stephannie Favor
91%
Stephen Fishbach
91%
Stephen Fishback
91%
Stephenie LaGrossa
91%
China Steve "Chicken" Morris
91%
Sundra Oakley
91%
Tiffany Nicole Ervin
91%
Tiffany Seely
91%
Abi-Maria Gomes
82%
Adam Gentry
82%
Adam Klein
82%
Alexandria "Allie" Pohevitz
82%
Ami Cusack
82%
Amy O'Hara
82%
Anika Dhar
82%
Anthony Robinson
82%
| In the Hands of the Fans Aubry Bracco
82%
Bi Nguyen
82%
Brandon Bellinger
82%
Brandon "Brando" Meyer
82%
Brandon Cottom
82%
Brandon Donlon
82%
Brandon Hantz
82%
Brandon Quinton
82%
Cassandra "Angie" Jakusz
82%
Cassandra Franklin
82%
Cassidy Clark
82%
| Game Changers Ciera Eastin
82%
Colby Donaldson
82%
Dan Berry
82%
Dan Foley
82%
Danielle "Danni" Boatwright
82%
Danielle DiLorenzo
82%
Danielle Di Lorenzo
82%
Daniel Strunk
82%
Dan Kay
82%
Dan Lembo
82%
Danni Boatwright
82%
Danny "GC" Brown
82%
Danny Massa
82%
Danny McCray
82%
Dan Rengering
82%
Dan Spilo
82%
Dan "Wardog" DaSilva
82%
46 David Jelinsky
82%
Debbie Wanner
82%
Deb Eaton
82%
Tocantins Debra "Debbie" Beebe
82%
Elisabeth "Elie" Scott
82%
Elisabeth Filarski
82%
Elisabeth "Liz" Markham
82%
Elizabeth "Liz" Kim
82%
Eliza Orlins
82%
Genevieve Mushaluk
82%
Gervase Peterson
82%
Helen Li
82%
James "Chad" Crittenden
82%
James Clement
82%
Guatemala James "Jim" Lynch
82%
James Jones
82%
James Lim
82%
James Miller
82%
James "Rocky" Reid
82%
Jan Gentry
82%
Janu Tornell
82%
Jeff Kent
82%
Jeff Varner
82%
Jeff Wilson
82%
Jerri Manthey
82%
Jerry Sims
82%
Jesusita "Susie" Smith
82%
Joel Anderson
82%
Joel Lug
82%
Jonathan Young
82%
Kassandra "Kass" McQuillen
82%
Kat Edorsson
82%
Kathleen "Kathy" Sleckman
82%
Kathleen "Kathy" Vavrick O'Brien
82%
Kathy Vavrick O'Brien
82%
Katie Collins
82%
Katie Gallagher
82%
Katie Hanson
82%
Katurah Topps
82%
Keith Famie
82%
Keith Nale
82%
Keith Sowell
82%
Keith Tollefson
82%
Kel Gleason
82%
Kellee Kim
82%
Kelley Wentworth
82%
Kellie Nalbandian
82%
Kelly Bruno
82%
Kelly Czarnecki
82%
Kelly Goldsmith
82%
Kellyn Bechtold
82%
Kelly Remington
82%
Kelly Sharbaugh
82%
Kelly Shinn
82%
Kelly Wiglesworth
82%
Ken Hoang
82%
Ken McNickle
82%
Kenneth "Ken" Stafford
82%
Kenward "Boo" Bernis
82%
Kenzie Petty
82%
Kimberly "Kim Powers"
82%
Kim Johnson
82%
Kimmi Kappenberg
82%
Kim Mullen
82%
Kim Spradlin
82%
Linda Spencer
82%
Matt Bischoff
82%
Matt Elrod
82%
Matthew Grinstead-Mayle
82%
Matthew "Matt" Blankinship
82%
Matthew "Sash" Lenahan
82%
Matthew von Ertfelda
82%
Matt Quinlan
82%
Matt Williams
82%
Monica Culpeper
82%
Monica Culpepper
82%
Monica Padilla
82%
Ozzy Lusth
82%
Reed Kelly
82%
Rudy Boesch
82%
Sami Layadi
82%
Sam Phalen
82%
Sean Rector
82%
Shannon "Shambo" Waters
82%
Shawna Mitchell
82%
Shawn Cohen
82%
Sierra Dawn Thomas
82%
Sierra Reed
82%
Sierra Wright
82%
Steven Ramm
82%
Steve Wright
82%
Sue Hawk
82%
Sue Smey
82%
Thomas Krottinger
82%
Panama Tina Scheer
82%
| The Australian Outback Tina Wesson
82%
Tom "Big Tom" Buchanan
82%
Tom Laidlaw
82%
Tommy Sheehan
82%
| Palau Tom Westman
82%
Tony Vlachos
82%
Aaron Meredith
73%
Aaron Reisberger
73%
Alicia Rosa
73%
Amanda Kimmel
73%
Andrea Boehlke
73%
Andrea "Drea" Wheeler
73%
Andrew Savage
73%
Andria "Dreamz" Herd
73%
Andy Rueda
73%
Angie Layton
73%
Aras Baskauskas
73%
Ashlee Ashby
73%
Ashley Massaro
73%
Ashley Nolan
73%
Ashley Trainer
73%
Ashley Underwood
73%
Austin Carty
73%
Austin Li Coon
73%
Bill Posley
73%
Brenda Lowe
73%
Brendan Shapiro
73%
Brendan Synnott
73%
Brian Corridan
73%
Thailand Brian Heidik
73%
Carl Bilancione
73%
Caroline Widmar
73%
Carter Williams
73%
Chase Rice
73%
Clay Jordan
73%
Coby Archa
73%
Courtney Marit
73%
Courtney Yates
73%
Dave Ball
73%
Dave Cruser
73%
Dave Johnson
73%
David Kinne
73%
David Murphy
73%
Cagayan- Brawn vs. Brains vs. Beauty David Samson
73%
David Voce
73%
David Wright
73%
Davie Rickenbacker
73%
Donathan Hurley
73%
Elizabeth Beisel
73%
Elizabeth Oslon
73%
41 Eric Abraham
73%
Erica Durousseau
73%
Eric Hafemann
73%
Erika Casupanan
73%
Erik Cardona
73%
Erik Huffman
73%
Erik Reichenback
73%
Erin Collins
73%
Erinn Lobdell
73%
Eva Erickson
73%
Gavin Whitson
73%
Greg "Tarzan" Smith
73%
Hali Ford
73%
Hunter Ellis
73%
Jaison Robinson
73%
Jason Linden
73%
Jason Siska
73%
Jason Treul
73%
Jeremiah Wood
73%
Jesse Lopez
73%
Fiji Jessica deBen
73%
Jessica "Figgy" Figeroa
73%
Jessica "Flicka" Smith
73%
Jessica "Jess" Chong
73%
Jessica Johnston
73%
Jessica Lewis
73%
Jessica Peet
73%
Jessica "Sugar" Kiper
73%
Judd Sergeant
73%
Jud "Fabio" Birza
73%
Julia Carter
73%
Julia Landauer
73%
Julia Sokolowski
73%
Julie Alley
73%
Julie Berry
73%
Julie McGee
73%
Julie Rosenburg
73%
Julie Wolfe
73%
Justin "Jay" Starrett
73%
One World Kourtney Moon
73%
Latasha "Tasha" Fox
73%
Lauren Beck
73%
Lauren Hope
73%
Lauren O'Connell
73%
Lauren Rimmer
73%
Lea "Sarge" Masters
73%
Lisa Keiffer
73%
Lisa Whelchel
73%
Liz Wilcox
73%
Malcolm Freberg
73%
Marcus Lehman
73%
Marty Piombo
73%
Maryanne Oketch
73%
Mary Sartain
73%
Mary Zheng
73%
Michele Fitzgerald
73%
Gabon Michelle Chase
73%
Michelle Schubert
73%
Michelle Tesauro
73%
Michelle Yi
73%
Mitchell Olson
73%
Mitch Guerra
73%
Morgan Ricke
73%
Natalia Azoqa
73%
Natalie Anderson
73%
Natalie Bolton
73%
Natalie Cole
73%
Natalie Tenerelli
73%
Natalie White
73%
Nate Moore
73%
Neleh Dennis
73%
Nicole Delma
73%
49 Nicole Mazullo
73%
Patricia Jackson
73%
Milennials vs. Gen x Rachel Ako
73%
Blood vs. Water Rachel Foulger
73%
Rachel LaMont
73%
Rodger Bingham
73%
Roger Sexton
73%
Island of the Idols Ronnie Bardah
73%
Rupert Boneham
73%
Sage Ahrnes-Nichols
73%
Sarah Dawson
73%
Sarah Jones
73%
Sarah Lacina
73%
Sarah Wade
73%
Sara Wilson
73%
Sean Edwards
73%
Sean Kenniff
73%
Sebastian Noel
73%
Shane Powers
73%
Shannon Elkins
73%
Shannon Fairweather
73%
Sonja Christopher
73%
Spencer Bledsoe
73%
Spencer Duhm
73%
Stacey Powell
73%
Stacey Stillman
73%
Stacy Kimball
73%
| Game Changers Tai Trang
73%
Tamara "Taj" Johnson-George
73%
Teresa Cooper
73%
Troy "Troyzan" Robertson
73%
Tyson Apostol
73%
| Cambodia Vytas Baskauskas
73%
Yesenia "Jessie" Camacho
73%
Yung "Woo" Hwang
73%
Alecia Holden
64%
Alicia Calaway
64%
Alina Wilson
64%
Baylor Wilson
64%
Bobby Jon Drinkard
64%
Bobby Mason
64%
Burton Roberts
64%
Candice Cody
64%
Candice Woodcock
64%
Carl Boudreaux
64%
Carolyn Rivera
64%
Carolyn Wiger
64%
Carson Garrett
64%
Chelsea Meissner
64%
Chelsea Townsend
64%
Chelsea Walker
64%
Claire Rafson
64%
Clarence Black
64%
Colton Cumbie
64%
Cydney Gillion
64%
Kaoh Rong Darnell Hamilton
64%
Darrah Johnson
64%
Denise Martin
64%
Domenick Abbate
64%
Drew Basile
64%
Drew Christy
64%
Earl Cole
64%
Edward "Eddie" Fox
64%
| Africa Ethan Zohn
64%
Frank Garrison
64%
Gillian Larson
64%
Greg Buis
64%
Gregg Carey
64%
45 Hannah Rose
64%
Hannah Shapiro
64%
Heidi Lagares-Greenblatt
64%
Heidi Strobel
64%
Holly Hoffman
64%
Hunter McKnight
64%
Ian Rosenberger
64%
Jack Nichting
64%
42 Jackson Fox
64%
Jaime Lynn Ruiz
64%
Jane Bright
64%
Jay Byers
64%
Jeremiah Ing
64%
Jeremy Collins
64%
Jeremy Crawford
64%
Jimmy Johnson
64%
Jimmy Tarantino
64%
Jim Rice
64%
Jonas Otsuji
64%
Justin Pioppi
64%
Kara Kay
64%
Laura Alexander
64%
Laura Boneham
64%
Laura Morett
64%
Laurel Johnson
64%
Lillian Morris
64%
Lindsay Carmine
64%
Lindsay Dolashewich
64%
Lindsay Richter
64%
Lindsey Cascaddan
64%
Lindsey Ogle
64%
Lydia Meredith
64%
Lydia Morales
64%
Maralyn "Mad Dog" Hershey
64%
Marissa Peterson
64%
Marya Sherron
64%
Missy Payne
64%
Morgan McDevitt
64%
Morgan McLeod
64%
Moriah Gaynor
64%
43 Morriah Young
64%
San Juan del Sur Nadiya Anderson
64%
Parvati Shallow
64%
Paschal "Pappy" English
64%
David vs. Goliath Pat Cusack
64%
Patrick Bolton
64%
Paul Wachter
64%
Peih-Gee Law
64%
Peter Baggenstos
64%
Peter Harkey
64%
Peter "Pete" Yurkowski
64%
Ramona Gray
64%
Randy Bailey
64%
Rebekah "Becky" Lee
64%
Roxanne "Roxy" Morris
64%
Russell Hantz
64%
Russell Swan
64%
Sabrina Thompson
64%
Scout Cloud Lee
64%
Shamar Thomas
64%
Shii Ann Huang
64%
Sydney Wheeler
64%
Terry Deitz
64%
Tevin Davis
64%
Todd Herzog
64%
Tra'mese "Missy" Byrd
64%
Val Collins
64%
Marquesas Vecepia Towery
64%
Virgilio "Billy" Garcia
64%
Wendell Holland
64%
Wendy Diaz
64%
Nicaragua Wendy Jo DeSmidt-Kohlholff
64%
Yamil "Yam Yam" Arocho
64%
Yau-Man Chan
64%
Yul Kwon
64%
Zeke Smith
64%
Zoe Zanidakis
64%
Ace Gordon
55%
Albert Destrade
55%
Alexis Maxwell
55%
Angela Perkins
55%
Anh-Tuan "Cao Boi" Bui
55%
Anna Khait
55%
Brady Finta
55%
Bret LaBelle
55%
Brett Clouser
55%
Brice Johnson
55%
Bruce Kanegai
55%
| 44 Bruce Perreault
55%
Butch Lockley
55%
Caleb Bankston
55%
Caleb Reynolds
55%
Caryn Groedel
55%
Chet Welch
55%
Cliff Robinson
55%
Cody Assenmacher
55%
Colleen Haskell
55%
Corinne Kaplan
55%
Dawn Meehan
55%
Dean Kowalski
55%
Denise Stapley
55%
Diane Ogden
55%
Dirk Been
55%
Caramoan | Redemption Island Francesca Hogi
55%
Frannie Marin
55%
Gabe Ortis
55%
Gabriel "Gabe" Cade
55%
Garrett Adelstein
55%
Gary Hogeboom
55%
Gary Stritesky
55%
Geo Bustamante
55%
Hai Giang
55%
Helen Glover
55%
Jaime Dugan
55%
Jairus "JD" Robinson
55%
Jamie Newton
55%
Janet Carbin
55%
Janet Koth
55%
Jawan Pitts
55%
Jeaniine Zheng
55%
Jefra Bland
55%
Jerome "Rome" Cooney
55%
JoAnna Ward
55%
J'Tia Taylor
55%
Kaleb Begrewold
55%
Karla Cruz Godoy
55%
Leif Manson
55%
Liana Wallace
55%
Mark "Papa Bear" Caruso
55%
Max Dawson
55%
Michaela Bradshaw
55%
Mick Trimming
55%
Mookie Lee
55%
NaOnka Mixon
55%
Noura Salman
55%
Osten Taylor
55%
Phillip Sheppard
55%
Ralph Riser
55%
Rocksroy Bailey
55%
Rodney Lavoie Jr.
55%
Ryan Aiken
55%
Ryan Medrano
55%
Ryan Opray
55%
Ryan Shoulders
55%
Ryan Ulrich
55%
Sandy Burgin
55%
Sarita White
55%
Scot Pollard
55%
Sodasia "Soda" Thompson
55%
Sydney Segal
55%
Tammy Leitner
55%
Teeny Chirichillo
55%
Terran "TK" Foster
55%
Tijuana Bradley
55%
Tim Spicer
55%
Tori Meehan
55%
Tracy Hughes-Wolf
55%
Travis "Bubba" Sampson
55%
Trish Dunn
55%
Trish Hegarty
55%
Twila Tanner
55%
Tyler Fredrickson
55%
Tyrone Davis
55%
Venus Vafa
55%
Victoria Baamonde
55%
Vince Moua
55%
Vince Sly
55%
Wes Nale
55%
Willard Smith
55%
Will Sims II
55%
Will Wahl
55%
Philippines Zane Knight
55%
Alison Raybould
45%
Aurora McCreary
45%
Betsey Bolan
45%
Brianna Varela
45%
Brooke Struck
45%
Brook Geraghty
45%
Candace Smith
45%
Tocantins Carolina Eastwood
45%
Charity Nelms
45%
Ciandre "CeCe" Taylor
45%
Cole Medders
45%
Crystal Cox
45%
Dana Lambert
45%
Deena Bennett
45%
Deshawn Radden
45%
Desiree "Desi" Williams
45%
Devon Pinto
45%
Dwight Moore
45%
Edgardo Rivera
45%
Elaine Stott
45%
Evelyn "Evvie" Jagoda
45%
Gabby Pascuzzi
45%
Ghandia Johnson
45%
Gina Crews
45%
Gretchen Cordy
45%
Hayden Moss
45%
Jaclyn Schultz
45%
Jacquie Berg
45%
Jamal Shipman
45%
Janean "Dolly" Neely
45%
Jemila "Jem" Hussain-Adams
45%
Jill Behm
45%
Joaquin Souberbielle
45%
Jolanda Jones
45%
Josh Canfield
45%
Josh Wilder
45%
Karishma Patel
45%
Kendra McQuarrie
45%
Leann Slaby
45%
Lyrsa Torres
45%
Maddy Pomilla
45%
Samoa Marisa Calihan
45%
Mia Galeotalanza
45%
Mikayla Wingle
45%
Molly Byman
45%
Neal Gottlieb
45%
Nina Acosta
45%
Nina Poersch
45%
Nneka Ejere
45%
Omar Zaheer
45%
Owen Knight
45%
Randen Montalvo
45%
Edge Of Extinction Reem Daly
45%
Reynold Toepfer
45%
Romeo Escobar
45%
Rory Freeman
45%
Cook Islands Sekou Bunch
45%
South Pacific Semhar Tadesse
45%
Sherri Biethman
45%
Shirin Oskooi
45%
Silas Gaither
45%
Solomon "Sol" Yi
45%
Star Toomey
45%
Sunday Burquest
45%
Ted Rogers Jr.
45%
Wanda Shirk
45%
Whitney Duncan
45%
Yasmin Giles
45%
Zachary "Zach" Wurtenberger
45%
Alan Ball
36%
Artis Silvester
36%
Aysha Welch
36%
Bhanu Gopal
36%
Bianca Roses
36%
Cecilia Mansilla
36%
Cedrek McFadden
36%
Cindy Hall
36%
Dale Wentworth
36%
Genie Chen
36%
Grant Mattos
36%
Heather Aldret
36%
Hope Driskill
36%
Ibrehem Rahman
36%
Janani "J. Maya" Krishnan-Jha
36%
Jeanne Hebert
36%
Jed Hildebrand
36%
Kane Fritzler
36%
Kevin Leung
36%
Kishan Patel
36%
Leslie Nease
36%
Liliana Gomez
36%
Lucy Huang
36%
Margaret Bobonich
36%
Melinda Hyder
36%
Misty Giles
36%
Noelle Lambert
36%
Paloma Soto-Castillo
36%
Rafe Judkins
36%
Rebecca Borman
36%
Sally Schumann
36%
Shauhin Davari
36%
Heroes vs. Healers vs. Hustlers Simone Nguyen
36%
Sylvia Kwan
36%
Tanya Vance
36%
Taylor Lee Stocker
36%
Yvette "Yve" Rojas
36%
Blake Towsley
27%
Justine Brennan
27%
Leon Joseph "LJ" McKanas
27%
Lisette "Lisi" Linares
27%
Rita Verreos
27%
Roark Luskin
27%
Ruth Marie Milliman
27%
Sabiyah Broderick
27%
Saiounia "Sai" Hughley
27%
Swati Goel
27%
Tiyana Hallums
27%
Desiree Afuye
18%
Elysa Umemoto
18%
Libby Vincek
18%
Sherea Lloyd
18%
Chanelle Howell
9%
No matching quizzes found
Score Distribution
Percent of People with Each Score
Percentile by Number Answered
Your Score History
You have not taken this quiz since the last reset